1590 1355 1609 1363 1648 1138 1021 1655 1014 1692 1210 1512 1454 1255 1725 1485 1460 1206 1842 1044 1350 1031 1664 1542 1586 1749 1984 1172 1336 1795 1749 1376 1120 1277 1152 1450 1506 1875 1169 1848 1650 1550 1858 1071 1150 1254 1146 1108 1213 1228 1708 1868 1160 1383 1158 1083 1827 1442 1356 1877 1380 1407 1762 1794 1901 1339 1699 1823 1949 1188 1436 1916 1905 1946 1872 1769 1953 1779 1691 1689 1594 1200 1234 1152 1228 1289 1612 1927 1563 1778 1694 1687 1722 1361 1038 1004 1078 1925 1228 BCNSPRNW ULIB Ver.6.0+V

เปลี่ยนเป็นภาษาไทย

Change to English
 แสดงรายละเอียดบรรณานุกรม
  กลับหน้าหลัก

Brief Record : Get Marc (ISO 2709) : E-mail record : QR code < ปิดหน้าต่าง
LEADER : 00000nam 2200000uu 4500
001    13399120129
003     ULIB
008    120904s2551||||th 000 0 tha d
020    ^a9749770706(ล.1)
060  4 ^aWY150^bซ166ก ล.1 2551
100 0  ^aชมนาด วรรณพรสิริ
245 00 ^aการพยาบาลผู้ใหญ่ เล่ม1/^cบรรณาธิการ:ชมนาด วรรณพรสิริ,วราภรณ์ สัตยวงศ์
250    ^aพิมพ์ครั้งที่ 2
260    ^aนนทบุรี:^bโครงการสวัสดิการ สถาบันพระบรมราชชนก,^c2551
300    ^a345 หน้า:^bภาพประกอบ
650  7 ^aการพยาบาลโรคเฉพาะทาง
650  7 ^aการพยาบาลผู้ใหญ่
945    ^p280^l0^i19448
945    ^p280^l0^i19449
945    ^p280^l0^i19450
945    ^p280^l0^i19451
945    ^p280^l0^i19452
995    ^aกัณชพร
999 ^a ใช้งานได้ทุกระบบ
รายการนี้ยังไม่มีแท็ก
คุณยังไม่ได้ล็อกอิน คุณสามารถมีกิจกรรมร่วมกับเว็บไซต์ได้ แต่ต้องล็อกอินก่อน ::
  ล็อกอิน

รายการสื่อสารสนเทศ

ลำดับที่ ประเภท เลขเรียก/บาร์โค้ด สถานที่ สถานะ
1. วิทยาศาสตร์การแพทย์ และสุขภาพ
วิทยาศาสตร์การแพทย์ และสุขภาพ
WY150 ซ166ก ล.1 2551  
  Barcode: 19448
ห้องสมุดวิทยาเขตสวรรค์ประชารักษ์
►ส่วนจัดเก็บหนังสือเก่า สปร
บนชั้น
  ขอยืม
2. วิทยาศาสตร์การแพทย์ และสุขภาพ
วิทยาศาสตร์การแพทย์ และสุขภาพ
WY150 ซ166ก ล.1 2551 ฉ.2 
  Barcode: 19449
ห้องสมุดวิทยาเขตสวรรค์ประชารักษ์
►ส่วนจัดเก็บหนังสือเก่า สปร
บนชั้น
  ขอยืม
3. วิทยาศาสตร์การแพทย์ และสุขภาพ
วิทยาศาสตร์การแพทย์ และสุขภาพ
WY150 ซ166ก ล.1 2551 ฉ.3 
  Barcode: 19450
ห้องสมุดวิทยาเขตสวรรค์ประชารักษ์
►ส่วนจัดเก็บหนังสือเก่า สปร
บนชั้น
  ขอยืม
4. วิทยาศาสตร์การแพทย์ และสุขภาพ
วิทยาศาสตร์การแพทย์ และสุขภาพ
WY150 ซ166ก ล.1 2551 ฉ.4 
  Barcode: 19451
ห้องสมุดวิทยาเขตสวรรค์ประชารักษ์
►ส่วนจัดเก็บหนังสือเก่า สปร
บนชั้น
  ขอยืม
5. วิทยาศาสตร์การแพทย์ และสุขภาพ
วิทยาศาสตร์การแพทย์ และสุขภาพ
WY150 ซ166ก ล.1 2551 ฉ.5 
  Barcode: 19452
ห้องสมุดวิทยาเขตสวรรค์ประชารักษ์
►ส่วนจัดเก็บหนังสือเก่า สปร
บนชั้น
  ขอยืม

รายการใกล้เคียง
    ผู้แต่ง [ชมนาด วรรณพรสิริ]

    หัวเรื่อง [การพยาบาลโรคเฉพาะทาง]
    หัวเรื่อง [การพยาบาลผู้ใหญ่]

BibComment


ยังไม่เคยถูกคอมเมนท์

คอมเมนท์ทรัพยากรรายการนี้
  คอมเมนท์: การพยาบาลผู้ใหญ่..


 Copyright 2026. Bcnsprnw @Library